Wszystkie miasta w pomorskim poniżej 10000 mieszkańców - Statystyki

Ogólne statystyki
  • Ten quiz został rozwiązany 20 razy
  • Średni wynik to 14 z 20
Statystyki odpowiedzi
Powiat Miasto % Poprawnych
sztumski Sztum
83%
tczewski Gniew
78%
pucki Hel
78%
pucki Jastarnia
78%
nowodworski Nowy Dwór Gdański
78%
chojnicki Czersk
72%
nowodworski Krynica Morska
72%
lęborski Łeba
72%
tczewski Pelplin
72%
starogardzki Skórcz
72%
chojnicki Brusy
67%
starogardzki Czarna Woda
67%
malborski Nowy Staw
67%
człuchowski Czarne
61%
człuchowski Debrzno
61%
sztumski Dzierzgoń
61%
słupski Kępice
61%
starogardzki Skarszewy
61%
kartuski Żukowo
61%
kwidzyński Prabuty
56%
Nie znaleziono quizów pasujących do podanych kryteriów
Rozkład punktacji
Procent ludzi z każdym wynikiem
Percentyl według liczby udzielonych odpowiedzi
Twoja historia wyników
Nie rozwiązałeś tego quizu